00538nam a2200181 a 45000010010000000030011000100080041000210350026000620820014000881000025001022450028001272600040001556500023001959420012002189520091002309980020003219990015003410000-8754ELIB.Books110520 2002  a(ELIB.Books)0000-8900 a230 bShi aShimary, Shimreingam aTheology of Human Right bAssam: Barkataki and Company c2002 aChristian Theology 2ddccBK 00102ddc4070aKBTSbKBTSd2011-05-20l0p10800r2022-01-22 00:00:00w2022-01-22yBK cbate2011-05-20 c8754d8754